| 000 | 00935 a2200193 4500 | ||
|---|---|---|---|
| 001 | 39606 | ||
| 005 | 20260407155653.0 | ||
| 008 | 260407a arg spa d | ||
| 003 | AR-UNSa-BCEJYS | ||
| 040 |
_aAR-UNSa-BCEJYS _bspa _cAR-UNSa-BCEJYS |
||
| 080 |
_a658:631.1 _xAdministración de empresas agropecuarias(maquinarias, etc.) |
||
| 245 | 1 | 0 | _aLa empresa y el desarrollo agropecuario en américa latina |
| 264 | 1 |
_aBuenos Aires : _bPaidós |
|
| 300 |
_a104 p. _c23 cm. |
||
| 505 | _a1. Para acelerar el desarrollo agropecuario - 2. Objetivos y métodos de la administración de empresas en la agricultura - 3. El análisis técnico-económico de las empresas como instrumento de la política agraria - 4. Equipos integrados como catalizadores del desarrollo agropecuario - 5. La formación económica de los agricultores y técnicos. | ||
| 942 | _cBK | ||
| 590 | _aniveau_biblio:m niveau_hierar:0 | ||
| 100 | 1 | _aRozsavolgyi, Henri | |
| 999 |
_c3070 _d3070 |
||